| 000 | 00494cam a2200193 4500 | ||
|---|---|---|---|
| 001 | D16136 | ||
| 008 | 090401t1979 xxu||||| |||| 00| 0 eng d | ||
| 035 | _a(Sirsi) u27322 | ||
| 041 | _aeng | ||
| 050 | _a333.0017 | ||
| 100 | _aGemmell, J.H.F. | ||
| 245 | 4 | _aThe RICS accounts regulations | |
| 260 |
_aLondon _bOyez Publishing Co Ltd _c1979 |
||
| 300 | _avii. 64p. 21cm | ||
| 350 | _a4.13 | ||
| 710 |
_aRoyal Institution of Chartered Surveyors _94900 |
||
| 942 | _n0 | ||
| 948 | _c04/03/1997 | ||
| 999 |
_c89094 _d89094 |
||